Pintura corporal por Noe

Spremljeno u:
Bibliografski detalji
Autor kompanije: Taller Experimental Cuerpos Pintados (Autor)
Format: Knjiga
Jezik:španjolski
Izdano: Santiago Taller Experimental Cuerpos Pintados 2002
Izdanje:1a. ed
Serija:Cuerpos Pintados. Pintura, A7
Teme:
Oznake: Dodaj oznaku
Bez oznaka, Budi prvi tko označuje ovaj zapis!

MARC

LEADER 00000cam a2200000 a 4500
001 UCF2769
003 CL-VaPUC
008 120910e20020000CL |||||||||||||||||spa|d
020 |a 9568136371 
082 0 4 |a 757.22  |b TAL  |2 21 
110 2 |a Taller Experimental Cuerpos Pintados  |e author  |9 564567 
245 1 0 |a Pintura corporal por Noe 
250 |a 1a. ed 
300 |a pág. irreg 
942 |c BK 
945 |d 20120910 00:00:00  |a dcastane 
260 |a Santiago  |b Taller Experimental Cuerpos Pintados  |c 2002 
500 |a Fotografías de Roberto Edwards 
650 0 |a Pintura  |9 265046 
650 7 |a DESNUDO EN EL ARTE  |2 CL-VaPUC  |9 444355 
650 0 |a Pintura chilena siglo 20  |9 314453 
583 |a last modification  |c 20120910 11:39:00  |k Rodrigo Vera 
490 0 |a Cuerpos Pintados. Pintura, A7 
999 |c 349308  |d 349306 
952 |0 0  |1 0  |4 0  |6 757_220000000000000_TAL_2002  |7 0  |8 X  |9 451884  |a BIBART  |b BIBART  |d 2019-11-22  |i 4896130  |o 757.22 TAL 2002  |p 4896130  |r 2025-03-13  |w 2019-11-22  |y BK_X  |k ART